Stars twinkle and other question about space

Bibliographic Details
Main Author: Stott,Carole
Format: Book
Published: New York : Reader's digest Young Families , 1995
Series:I wonder why...
Subjects:

MARC

LEADER 00000cam a2200000 7i4500
001 0000066465
005 20160927.0
008 160926
090 0 0 |a Q   |b ENG 
100 1 |a Stott,Carole 
245 1 4 |a Stars twinkle and other question about space   |c Carole Stott 
260 |a New York :   |b Reader's digest Young Families ,   |c 1995 
440 |a I wonder why... 
500 |a Children ages 7-9 years old (orange) 
650 0 |a Junior fiction   |x English   |x Languages 
650 0 |a Quiz 
999 |a 0000010762   |b Book   |c Children Collection   |e Cawangan Taman Universiti 
999 |a 0000010763   |b Book   |c Children Collection   |e Cawangan Taman Universiti 
999 |a 0000010765   |b Book   |c Children Collection   |e Cawangan Taman Universiti